| 000 | 00521nam a22001817a 4500 | ||
|---|---|---|---|
| 005 | 20260213134814.0 | ||
| 008 | 260213b |||||||| |||| 00| 0 eng d | ||
| 040 | _cUE-CL | ||
| 082 |
_21st ed. _a616.852 _bEy73 |
||
| 100 | _aEysenck H.J. | ||
| 245 |
_aYou and Neurosis _c/ H.J,Eysenck |
||
| 260 |
_aBritain: _bFontana, _c1977 |
||
| 300 | _a223 p. | ||
| 505 | _aThe neurotic paradox Causes of neurosis A theory of neurosis Methods of behaviour therapy | ||
| 546 | _aEnglish | ||
| 700 | _aH.J.Eysenck | ||
| 942 | _cBK | ||
| 999 |
_c25721 _d25720 |
||